| 000 | 00540cam a2200193ua 4500 | ||
|---|---|---|---|
| 001 | 6365 | ||
| 005 | 20260515114035.0 | ||
| 008 | 140510n ii |||gr||||Z||||||eng | ||
| 040 | _cMAIN | ||
| 082 | _a658 | ||
| 245 |
_aManagement : _bprinciples and practice / _cBy R. Srinivasan . |
||
| 250 | _a3rd rev. | ||
| 260 |
_aBombay: _bHimalaya publishing house, _c1987. _aNagpur: _aDelhi: |
||
| 300 | _ax,528p. | ||
| 653 | _aGeneral management | ||
| 653 | _aManagement principles and practice | ||
| 700 |
_aSrinivasan,R., _eAuthor. |
||
| 942 | _cBK | ||
| 999 |
_c5511 _d5511 |
||